日本の十五大財閥 - Statistics

General Stats
  • This quiz has been taken 80 times
  • The average score is 5 of 15
Answer Stats
% Correct
三大 {住友}財閥
95%
三大 {三井}財閥
94%
三大 {三菱}財閥
92%
十大 {安田}財閥
65%
四大 {鮎川}財閥 {日産}コンツェルン
32%
十大 {浅野}財閥
25%
十大 {野村}財閥
22%
十五大 {渋沢}財閥
19%
十五大 {日窒}コンツェルン
19%
十大 {中島}財閥
13%
十五大 {神戸川崎}財閥
13%
十五大 {理研}コンツェルン
13%
十大 {古河}財閥
10%
十五大 {日曹}コンツェルン
10%
十大 {大倉}財閥
8%
No matching quizzes found
Score Distribution
Percent of People with Each Score
Percentile by Number Answered
Your Score History
You have not taken this quiz